00430nam a2200181Ia 4500003000400000005001700004008004100021020001500062040000700077041000800084082001600092100002200108245003100130250000700161260005000168300001700218365001300235OSt20230418142116.0210423s2011 xx 000 0 und d a8182180139 cAL aeng a657.46 BHAU aBHARGAVA (U K)Ed. aTaxmanns income tax rules. a48 aNew DelhibTaxmann Publications Pvt Ltdc2011 axii,38.8bPB b695cINR